| 000 | 01111cam a22002774a 4500 | ||
|---|---|---|---|
| 999 |
_c328802 _d328802 |
||
| 001 | 13579619 | ||
| 003 | Nust | ||
| 005 | 20170417133810.0 | ||
| 008 | 040503s2004 dcua b 000 0 eng | ||
| 010 | _a 2004106646 | ||
| 020 | _a0309091624 (pbk.) | ||
| 020 | _a0309530652 (PDF) | ||
| 035 | _a(DLC) 2004106646 | ||
| 040 |
_aDLC _cDLC _dDLC |
||
| 042 | _apcc | ||
| 050 | 0 | 0 |
_aTA157 _b.E535 2004 |
| 082 | 0 | 0 |
_a620.00905 NAT _222 |
| 245 | 0 | 4 |
_aThe engineer of 2020 : _bvisions of engineering in the new century. |
| 260 |
_aWashington, DC : _bNational Academies Press, _cc2004. |
||
| 300 |
_axv, 101 p. : _bill. ; _c23 cm. |
||
| 504 | _aIncludes bibliographical references. | ||
| 650 | 0 | _aEngineering. | |
| 710 | 2 | _aNational Academy of Engineering | |
| 906 |
_a7 _bcbc _corignew _d2 _eepcn _f20 _gy-gencatlg |
||
| 942 |
_2ddc _cBK |
||